[Event "56. Abierto Mexicano Monterey 2010"]
[Site "Monterrey MEX"]
[Date "2010.04.01"]
[Round "4.6"]
[White "Villarreal Felix, Jose Felix"]
[Black "Onischuk, Alexander"]
[Result "0-1"]
[PlyCount "46"]
[EventDate "2010.03.30"]
[EventType "swiss"]
[EventRounds "9"]
[EventCountry "MEX"]
[Source "lmi"]
[SourceDate "2010.03.30"]
[WhiteElo "2330"]
[BlackElo "2687"]

1. e4 e5 2. Nf3 Nc6 3. Bb5 a6 4. Bxc6 dxc6 5. O-O Qd6 6. d3 Bg4 7. Nbd2 f6 8.
Nc4 Qd7 9. Ne3 Be6 10. d4 exd4 11. Nxd4 Bf7 12. Nb3 O-O-O 13. Qe1 Nh6 14. Qc3
Qe6 15. Nc5 Qe7 16. b4 b6 17. Nxa6 Kb7 18. a4 Qxe4 19. b5 Bd6 20. f3 Be5 21.
Nc5+ bxc5 22. Qa5 Ra8 23. bxc6+ Qxc6 0-1

[Event "56. Abierto Mexicano Monterey 2010"]
[Site "Monterrey MEX"]
[Date "2010.04.02"]
[Round "5.1"]
[White "Onischuk, Alexander"]
[Black "De La Paz Perdomo, Frank"]
[Result "1-0"]
[PlyCount "101"]
[EventDate "2010.03.30"]
[EventType "swiss"]
[EventRounds "9"]
[EventCountry "MEX"]
[Source "lmi"]
[SourceDate "2010.03.30"]
[WhiteElo "2687"]
[BlackElo "2469"]

1. e4 e5 2. Nf3 Nc6 3. Bb5 Bc5 4. O-O d6 5. c3 Bd7 6. d4 Bb6 7. dxe5 dxe5 8.
Nbd2 Nge7 9. Nc4 f6 10. a4 Be6 11. b4 a6 12. Nxb6 cxb6 13. Qxd8+ Rxd8 14. Be2
a5 15. Rb1 axb4 16. cxb4 g5 17. b5 Na5 18. Rb4 Rc8 19. Be3 Bc4 20. Bxc4 Rxc4
21. Rfb1 Nc8 22. h4 g4 23. Nd2 Rc3 24. Nf1 Kf7 25. Rd1 Ke6 26. Ng3 Rc4 27. Rxc4
Nxc4 28. Nf5 N8d6 29. Nxd6 Nxd6 30. Bxb6 Nxe4 31. Rc1 Nd6 32. Rc7 Ra8 33. a5 h6
34. h5 f5 35. Rh7 Nxb5 36. Rxb7 Nd6 37. Rg7 Nc4 38. Rg6+ Kf7 39. Bc7 Rc8 40.
Rxh6 Kg8 41. Rc6 Nd6 42. a6 Nb5 43. Rg6+ Kh7 44. Bxe5 Re8 45. Bf4 Nc3 46. Bd2
Ne4 47. Be3 g3 48. fxg3 Nc3 49. a7 Nd1 50. Bd4 f4 51. gxf4 1-0

[Event "56. Abierto Mexicano Monterey 2010"]
[Site "Monterrey MEX"]
[Date "2010.04.02"]
[Round "5.2"]
[White "Ibarra Chami, Luis Fernando"]
[Black "Hernandez Guerrero, Gilberto"]
[Result "1/2-1/2"]
[BlackElo "2533"]
[PlyCount "36"]
[EventDate "2010.03.30"]
[EventType "swiss"]
[EventRounds "9"]
[EventCountry "MEX"]
[Source "lmi"]
[SourceDate "2010.03.30"]
[WhiteElo "2423"]

1. d4 Nf6 2. Bg5 c6 3. Bxf6 gxf6 4. c3 d5 5. Nd2 Bf5 6. e3 e6 7. Ne2 Bd6 8. Nc1
Nd7 9. Bd3 Bg6 10. e4 dxe4 11. Nxe4 Qc7 12. Qf3 Bxe4 13. Qxe4 O-O-O 14. Ne2 f5
15. Qf3 Nf6 16. O-O-O Kb8 17. Kb1 h5 18. h3 Rhg8 1/2-1/2

[Event "56. Abierto Mexicano Monterey 2010"]
[Site "Monterrey MEX"]
[Date "2010.04.02"]
[Round "5.3"]
[White "Perez Rodriguez, Luis Manuel"]
[Black "Garcia Hernandez, Adrian"]
[Result "1-0"]
[PlyCount "69"]
[EventDate "2010.03.30"]
[EventType "swiss"]
[EventRounds "9"]
[EventCountry "MEX"]
[Source "lmi"]
[SourceDate "2010.03.30"]
[WhiteElo "2483"]
[BlackElo "2255"]

1. e4 e6 2. d4 d5 3. exd5 exd5 4. c4 Nf6 5. Nc3 Be7 6. h3 O-O 7. Nf3 c6 8. Bd3
Nbd7 9. cxd5 Nxd5 10. Nxd5 cxd5 11. O-O Qb6 12. Re1 Bf6 13. Qc2 g6 14. Bf4 Nb8
15. Be5 Bxe5 16. dxe5 Nc6 17. Qd2 Kg7 18. Rad1 Be6 19. a3 Rac8 20. Bb1 Na5 21.
Ba2 Nc4 22. Bxc4 Rxc4 23. Nd4 a6 24. Re3 Qc7 25. f4 Qe7 26. Kh2 Kh8 27. g4 Qh4
28. Rg3 Rfc8 29. b3 R4c7 30. f5 gxf5 31. gxf5 Bxf5 32. Nxf5 Qe4 33. Nd6 Qh4 34.
Nf5 Qe4 35. Rdg1 1-0

[Event "56. Abierto Mexicano Monterey 2010"]
[Site "Monterrey MEX"]
[Date "2010.04.02"]
[Round "5.4"]
[White "Marrero Lopez, Yaniet"]
[Black "Perez Garcia, Rodney"]
[Result "1/2-1/2"]
[PlyCount "32"]
[EventDate "2010.03.30"]
[EventType "swiss"]
[EventRounds "9"]
[EventCountry "MEX"]
[Source "lmi"]
[SourceDate "2010.03.30"]
[WhiteElo "2269"]
[BlackElo "2424"]

1. e4 e5 2. Nf3 Nc6 3. Nc3 Nf6 4. Bb5 Nd4 5. Nxd4 exd4 6. e5 dxc3 7. exf6 Qxf6
8. dxc3 Bc5 9. O-O O-O 10. Qh5 d6 11. Qg5 Qxg5 12. Bxg5 Bf5 13. Bd3 Bd7 14.
Rfe1 Rfe8 15. Kf1 h6 16. Bd2 Kf8 1/2-1/2

[Event "56. Abierto Mexicano Monterey 2010"]
[Site "Monterrey MEX"]
[Date "2010.04.02"]
[Round "5.5"]
[White "Figueroa, Marco"]
[Black "Mitkov, Nikola"]
[Result "0-1"]
[PlyCount "68"]
[EventDate "2010.03.30"]
[EventType "swiss"]
[EventRounds "9"]
[EventCountry "MEX"]
[Source "lmi"]
[SourceDate "2010.03.30"]
[WhiteElo "2191"]
[BlackElo "2499"]

1. e4 e5 2. Nf3 Nc6 3. Bb5 a6 4. Ba4 Nf6 5. Qe2 b5 6. Bb3 Bc5 7. c3 O-O 8. O-O
h6 9. d3 Re8 10. Be3 Bf8 11. h3 d5 12. Rd1 Bb7 13. Nbd2 Na5 14. Bc2 c5 15. Nf1
Qc7 16. Bc1 Rad8 17. Ng3 g6 18. Nh2 d4 19. Ng4 Nxg4 20. Qxg4 dxc3 21. bxc3 Bc8
22. Qe2 Be6 23. Be3 Bg7 24. Qd2 Nc4 25. Qc1 Nxe3 26. Qxe3 Rd6 27. Bb3 c4 28.
dxc4 bxc4 29. Ba4 Rb8 30. Rd2 Rxd2 31. Qxd2 Qa5 32. Qc2 Bf8 33. Rd1 Ba3 34. Bd7
Rb2 0-1

[Event "56. Abierto Mexicano Monterey 2010"]
[Site "Monterrey MEX"]
[Date "2010.04.02"]
[Round "5.6"]
[White "Gonzalez Zamora, Juan Carlos"]
[Black "Norgaard, Jesper"]
[Result "1-0"]
[WhiteElo "2552"]
[PlyCount "54"]
[EventDate "2010.03.30"]
[EventType "swiss"]
[EventRounds "9"]
[EventCountry "MEX"]
[Source "lmi"]
[SourceDate "2010.03.30"]
[BlackElo "2438"]

1. d4 Nf6 2. c4 c5 3. d5 d6 4. Nc3 g6 5. e4 Bg7 6. Bd3 O-O 7. Nge2 e6 8. O-O
Re8 9. h3 Na6 10. Ng3 exd5 11. cxd5 Bd7 12. f4 b5 13. a3 Qb6 14. Bc2 c4+ 15.
Kh1 Nc5 16. Be3 b4 17. axb4 Qxb4 18. e5 dxe5 19. fxe5 Rxe5 20. Bd4 Ne8 21. Qf3
Nd6 22. Bxe5 Bxe5 23. Rae1 Bg7 24. Qf4 Qb8 25. Re7 Be8 26. Rf3 Bf8 27. Nh5 Qd8
1-0

[Event "56. Abierto Mexicano Monterey 2010"]
[Site "Monterrey MEX"]
[Date "2010.04.02"]
[Round "6.1"]
[White "Hernandez Guerrero, Gilberto"]
[Black "Perez Rodriguez, Luis Manuel"]
[Result "1/2-1/2"]
[WhiteElo "2533"]
[PlyCount "31"]
[EventDate "2010.03.30"]
[EventType "swiss"]
[EventRounds "9"]
[EventCountry "MEX"]
[Source "lmi"]
[SourceDate "2010.03.30"]
[BlackElo "2483"]

1. e4 c5 2. Nc3 Nc6 3. Nf3 d6 4. d4 cxd4 5. Nxd4 Nf6 6. Bc4 e6 7. Bb3 Be7 8.
Be3 O-O 9. f4 Bd7 10. Qf3 Nxd4 11. Bxd4 Bc6 12. O-O b5 13. a3 a5 14. Rae1 b4
15. axb4 axb4 16. Nd1 1/2-1/2

[Event "56. Abierto Mexicano Monterey 2010"]
[Site "Monterrey MEX"]
[Date "2010.04.02"]
[Round "6.2"]
[White "Rojas Alarcon, Julian Antonio"]
[Black "Gonzalez Garcia, Jose"]
[Result "1/2-1/2"]
[BlackElo "2512"]
[PlyCount "36"]
[EventDate "2010.03.30"]
[EventType "swiss"]
[EventRounds "9"]
[EventCountry "MEX"]
[Source "lmi"]
[SourceDate "2010.03.30"]
[WhiteElo "2298"]

1. e4 c5 2. Nf3 e6 3. d4 cxd4 4. Nxd4 a6 5. Bd3 g6 6. O-O Bg7 7. c3 d5 8. exd5
Qxd5 9. Qe2 Nf6 10. Nd2 O-O 11. Ne4 Nc6 12. Nxc6 Qxc6 13. Nxf6+ Bxf6 14. Bh6
Bg7 15. Bxg7 Kxg7 16. Rfd1 Ra7 17. Qe3 b6 18. Qe2 Ra8 1/2-1/2

[Event "56. Abierto Mexicano Monterey 2010"]
[Site "Monterrey MEX"]
[Date "2010.04.02"]
[Round "6.3"]
[White "Cordova, Emilio"]
[Black "Ordaz Valdes, Lisandra Teresa"]
[Result "1/2-1/2"]
[WhiteElo "2564"]
[PlyCount "73"]
[EventDate "2010.03.30"]
[EventType "swiss"]
[EventRounds "9"]
[EventCountry "MEX"]
[Source "lmi"]
[SourceDate "2010.03.30"]
[BlackElo "2277"]

1. d4 d5 2. Nf3 Nf6 3. c4 e6 4. e3 Be7 5. Bd3 O-O 6. O-O b6 7. b3 Bb7 8. Bb2
Nbd7 9. Qe2 a6 10. Rd1 Ne4 11. Ne5 f5 12. f3 Nxe5 13. dxe5 Nc5 14. Bc2 Qe8 15.
cxd5 exd5 16. Nc3 c6 17. b4 Ne6 18. a3 Kh8 19. Bb3 Qg6 20. Kh1 Rad8 21. Qf2 Qh6
22. Bc1 Bh4 23. g3 Bg5 24. Ne2 c5 25. bxc5 bxc5 26. Rb1 Ba8 27. Nf4 Nxf4 28.
exf4 Be7 29. Bd2 Qc6 30. Ba5 Rb8 31. Qc2 d4 32. Rf1 Qb5 33. Rfd1 Qc6 34. Rf1
Bg5 35. Qf2 Qh6 36. Rfd1 Rbd8 37. Qg1 1/2-1/2

[Event "56. Abierto Mexicano Monterey 2010"]
[Site "Monterrey MEX"]
[Date "2010.04.02"]
[Round "6.4"]
[White "Mitkov, Nikola"]
[Black "Ibarra Chami, Luis Fernando"]
[Result "1-0"]
[WhiteElo "2499"]
[PlyCount "89"]
[EventDate "2010.03.30"]
[EventType "swiss"]
[EventRounds "9"]
[EventCountry "MEX"]
[Source "lmi"]
[SourceDate "2010.03.30"]
[BlackElo "2423"]

1. e4 c5 2. Nc3 Nc6 3. Nf3 Nf6 4. Bb5 Qc7 5. O-O Nd4 6. d3 a6 7. Bc4 e6 8. Nxd4
cxd4 9. Ne2 Nxe4 10. Bxe6 dxe6 11. dxe4 Bd6 12. h3 e5 13. c3 dxc3 14. Nxc3 Be6
15. Be3 Rd8 16. Nd5 Qd7 17. Qd3 Bxd5 18. Qxd5 Bb8 19. Qb3 O-O 20. Bg5 Rc8 21.
Rad1 Qc6 22. Rd5 Qg6 23. Be7 Rfe8 24. Rd7 Qxe4 25. Qxb7 Qc2 26. Bg5 Qg6 27. Be3
h6 28. Rfd1 Qe6 29. a4 e4 30. Qd5 Qf6 31. b4 Bc7 32. b5 axb5 33. axb5 Bf4 34.
b6 Rb8 35. b7 Re5 36. Qd4 Kh7 37. Rb1 Bxe3 38. fxe3 Qg5 39. Rxf7 Re6 40. Kh1
Qg3 41. Qd5 Qg6 42. Rd7 Ree8 43. Rf1 Rf8 44. Rxf8 Rxf8 45. Rd8 1-0

[Event "56. Abierto Mexicano Monterey 2010"]
[Site "Monterrey MEX"]
[Date "2010.04.02"]
[Round "6.5"]
[White "De La Paz Perdomo, Frank"]
[Black "Marrero Lopez, Yaniet"]
[Result "1-0"]
[PlyCount "63"]
[EventDate "2010.03.30"]
[EventType "swiss"]
[EventRounds "9"]
[EventCountry "MEX"]
[Source "lmi"]
[SourceDate "2010.03.30"]
[WhiteElo "2469"]
[BlackElo "2269"]

1. e4 e5 2. Nf3 Nc6 3. Bb5 a6 4. Ba4 Nf6 5. d3 b5 6. Bb3 Bc5 7. Nc3 O-O 8. a4
b4 9. Nd5 Nxd5 10. Bxd5 Rb8 11. O-O Qf6 12. Bg5 Qg6 13. Be3 Qd6 14. a5 Nd4 15.
Nd2 c6 16. Ba2 Qe7 17. Re1 Rb5 18. Nf1 d6 19. Bc4 Rb8 20. c3 Nb5 21. d4 bxc3
22. dxc5 cxb2 23. Rb1 Nc3 24. cxd6 Qb7 25. Qd3 Nxb1 26. Rxb1 Qb4 27. Bb6 Rb7
28. Ne3 Rd7 29. Bc7 g6 30. Qb3 Qxb3 31. Bxb3 Kg7 32. Nc4 1-0

[Event "56. Abierto Mexicano Monterey 2010"]
[Site "Monterrey MEX"]
[Date "2010.04.02"]
[Round "6.6"]
[White "Gonzalez Zamora, Juan Carlos"]
[Black "Onischuk, Alexander"]
[Result "0-1"]
[WhiteElo "2552"]
[PlyCount "84"]
[EventDate "2010.03.30"]
[EventType "swiss"]
[EventRounds "9"]
[EventCountry "MEX"]
[Source "lmi"]
[SourceDate "2010.03.30"]
[BlackElo "2687"]

1. d4 Nf6 2. c4 e6 3. Nc3 Bb4 4. e3 O-O 5. Bd3 d5 6. Nf3 dxc4 7. Bxc4 c5 8. O-O
cxd4 9. exd4 b6 10. Qe2 Bb7 11. Bg5 Nbd7 12. Rac1 Qb8 13. Ne5 Nxe5 14. dxe5
Bxc3 15. bxc3 Ne4 16. Bf4 Qc7 17. Bd3 f5 18. Bxe4 fxe4 19. Be3 Rac8 20. Qb2 Qc4
21. Qa3 Qa6 22. Qb2 Bd5 23. Ra1 Rc4 24. h4 Qc8 25. Rfd1 Qc7 26. a4 Rxc3 27.
Rdc1 Rxc1+ 28. Rxc1 Qe7 29. h5 h6 30. a5 Qh4 31. axb6 axb6 32. Qxb6 Qxh5 33.
Qd6 Ra8 34. Qc7 Kh7 35. Qc2 Rf8 36. Qd1 Qh4 37. Rc7 Rf5 38. Qa4 Qg4 39. f4 Qg3
40. Bf2 Qxf4 41. Qa7 Qg4 42. Qe3 Rg5 0-1

[Event "56. Abierto Mexicano Monterey 2010"]
[Site "Monterrey MEX"]
[Date "2010.04.03"]
[Round "7.2"]
[White "Sanchez Enriquez, Oscar Gerardo"]
[Black "Gonzalez Zamora, Juan Carlos"]
[Result "1/2-1/2"]
[PlyCount "194"]
[EventDate "2010.03.30"]
[EventType "swiss"]
[EventRounds "9"]
[EventCountry "MEX"]
[Source "lmi"]
[SourceDate "2010.03.30"]
[WhiteElo "2354"]
[BlackElo "2552"]

1. e4 c5 2. Nf3 e6 3. d4 cxd4 4. Nxd4 a6 5. Bd3 Nf6 6. O-O Qc7 7. Qe2 d6 8. Kh1
Nc6 9. Nxc6 bxc6 10. f4 d5 11. Nd2 Be7 12. b3 h5 13. e5 Nd7 14. c4 Nc5 15. Bc2
a5 16. Bb2 Rb8 17. Bc3 g6 18. Nf3 Bb7 19. f5 gxf5 20. Bxf5 exf5 21. Nd4 Ne4 22.
Bb2 h4 23. cxd5 cxd5 24. Nxf5 Qb6 25. e6 fxe6 26. Bxh8 exf5 27. Rxf5 Kd7 28.
Rd1 Ng3+ 29. hxg3 Rxh8 30. Qg4 Qe6 31. Rfxd5+ Bxd5 32. Rxd5+ Bd6 33. Qg7+ Qe7
34. Qxe7+ Kxe7 35. gxh4 Rxh4+ 36. Kg1 Bc7 37. Kf2 Rh1 38. Rb5 Ra1 39. a4 Rb1
40. g4 Kd6 41. g5 Ke6 42. Ke2 Rg1 43. b4 axb4 44. Rxb4 Rxg5 45. a5 Rxa5 46. Rc4
Be5 47. Rc8 Kd5 48. Kd3 Ra3+ 49. Kc2 Bd4 50. Rd8+ Kc4 51. Rc8+ Bc5 52. Kd2 Ra2+
53. Ke1 Kd5 54. Re8 Bd4 55. Re2 Ra1+ 56. Kd2 Kc4 57. Kc2 Ra3 58. Kd1 Be3 59.
Rc2+ Kd3 60. Rd2+ Ke4 61. Rb2 Ra1+ 62. Ke2 Bd4 63. Rc2 Rh1 64. Rd2 Bc3 65. Rc2
Rh3 66. Kd1 Kd3 67. Rd2+ Kc4 68. Rf2 Re3 69. Re2 Rg3 70. Kc2 Bd4 71. Kd2 Bc3+
72. Kc2 Rg1 73. Rf2 Rh1 74. Rg2 Ra1 75. Re2 Ra8 76. Re4+ Bd4 77. Re2 Ra2+ 78.
Kd1 Ra3 79. Kc2 Be3 80. Kd1 Kd4 81. Rc2 Kd3 82. Rd2+ Ke4 83. Rb2 Ra1+ 84. Ke2
Rg1 85. Rc2 Rh1 86. Rc4+ Bd4 87. Rc2 Rh7 88. Rd2 Rh3 89. Rc2 Rg3 90. Rd2 Bc3
91. Rc2 Rf3 92. Kd1 Kd4 93. Re2 Bb4 94. Kc2 Rc3+ 95. Kd1 Kd3 96. Rd2+ Ke3 97.
Re2+ Kf3 1/2-1/2

[Event "56. Abierto Mexicano Monterey 2010"]
[Site "Monterrey MEX"]
[Date "2010.04.03"]
[Round "7.3"]
[White "Escobedo Tinajero, Alberto"]
[Black "Hernandez Guerrero, Gilberto"]
[Result "0-1"]
[BlackElo "2533"]
[PlyCount "58"]
[EventDate "2010.03.30"]
[EventType "swiss"]
[EventRounds "9"]
[EventCountry "MEX"]
[Source "lmi"]
[SourceDate "2010.03.30"]
[WhiteElo "2345"]

1. d4 d6 2. e4 Nf6 3. f3 d5 4. e5 Nfd7 5. e6 fxe6 6. f4 c5 7. Bd3 g6 8. c3 Bg7
9. Nf3 cxd4 10. cxd4 Nc6 11. Nc3 Qb6 12. Ne2 O-O 13. h4 Nf6 14. Be3 Bd7 15. h5
Nxh5 16. Ng5 Nf6 17. Nxh7 Nxh7 18. Bxg6 Nf6 19. Qd3 Ne4 20. Bxe4 dxe4 21. Qxe4
Qa5+ 22. Bd2 Qf5 23. Qe3 Be8 24. g4 Qd5 25. Qh3 Bg6 26. Nc3 Qxd4 27. Be3 Qc4
28. f5 exf5 29. Bh6 fxg4 0-1

[Event "56. Abierto Mexicano Monterey 2010"]
[Site "Monterrey MEX"]
[Date "2010.04.03"]
[Round "7.4"]
[White "Perez Rodriguez, Luis Manuel"]
[Black "Morales Garcia, Sergio Joshafatt"]
[Result "1/2-1/2"]
[PlyCount "25"]
[EventDate "2010.03.30"]
[EventType "swiss"]
[EventRounds "9"]
[EventCountry "MEX"]
[Source "lmi"]
[SourceDate "2010.03.30"]
[WhiteElo "2483"]
[BlackElo "2314"]

1. e4 e5 2. Nf3 Nc6 3. Bb5 Nf6 4. Qe2 d6 5. c3 Be7 6. d4 Bd7 7. Nbd2 exd4 8.
cxd4 O-O 9. d5 Ne5 10. Nxe5 dxe5 11. Bxd7 Qxd7 12. O-O Qd8 13. Qd1 1/2-1/2

[Event "56. Abierto Mexicano Monterey 2010"]
[Site "Monterrey MEX"]
[Date "2010.04.03"]
[Round "7.5"]
[White "Vigoa Apecheche, Yanira"]
[Black "De La Paz Perdomo, Frank"]
[Result "0-1"]
[PlyCount "73"]
[EventDate "2010.03.30"]
[EventType "swiss"]
[EventRounds "9"]
[EventCountry "MEX"]
[Source "lmi"]
[SourceDate "2010.03.30"]
[WhiteElo "2268"]
[BlackElo "2469"]

1. Nf3 Nf6 2. c4 g6 3. b4 Bg7 4. Bb2 O-O 5. e3 d6 6. Be2 e5 7. d3 Nfd7 8. Qc2
f5 9. Nbd2 g5 10. Nb3 c6 11. d4 e4 12. Nfd2 d5 13. O-O Nf6 14. cxd5 Nxd5 15. a3
Nd7 16. b5 cxb5 17. Bxb5 N7f6 18. a4 Rf7 19. Rac1 Bf8 20. a5 h5 21. Nc4 a6 22.
Ba4 f4 23. Nb6 Nxb6 24. axb6 f3 25. gxf3 Bd7 26. Bxd7 Qxd7 27. Qe2 exf3 28.
Qxf3 Ng4 29. Qe2 Bd6 30. Nc5 Qf5 31. f4 gxf4 32. e4 Qg6 33. Kh1 f3 34. Rxf3
Rxf3 35. Qxf3 Rf8 36. Qb3+ Kh7 37. Qd1 0-1

[Event "56. Abierto Mexicano Monterey 2010"]
[Site "Monterrey MEX"]
[Date "2010.04.03"]
[Round "7.6"]
[White "Vega Garcia, Jorge Arturo"]
[Black "Cordova, Emilio"]
[Result "1/2-1/2"]
[BlackElo "2564"]
[PlyCount "92"]
[EventDate "2010.03.30"]
[EventType "swiss"]
[EventRounds "9"]
[EventCountry "MEX"]
[Source "lmi"]
[SourceDate "2010.03.30"]
[WhiteElo "2260"]

1. d4 Nf6 2. Nf3 e6 3. Bf4 b6 4. Nbd2 Bb7 5. e3 Be7 6. h3 c5 7. c3 Nc6 8. Bd3
O-O 9. O-O d6 10. Qe2 a6 11. dxc5 bxc5 12. e4 Nd7 13. Rad1 Re8 14. Nc4 d5 15.
Nd6 Qb8 16. Nxe8 Qxf4 17. g3 Qb8 18. Nxg7 Kxg7 19. exd5 exd5 20. Nh4 Bxh4 21.
Qg4+ Kf8 22. Qxh4 Qd6 23. Qxh7 Qf6 24. Qf5 Qxf5 25. Bxf5 Nb6 26. Rfe1 Rd8 27.
f4 Ne7 28. Bc2 d4 29. cxd4 cxd4 30. Bd3 Na4 31. Be4 Bc8 32. Rd2 Nc5 33. Bg2 Ne6
34. Re5 f6 35. Ra5 Rd6 36. f5 Nd8 37. g4 Ndc6 38. Rc5 Bd7 39. Kf2 Ne5 40. Kg3
d3 41. b3 Kg7 42. Kf4 Rd4+ 43. Ke3 Rd6 44. Kf4 Rd4+ 45. Ke3 Rd6 46. Bf1 Kg8
1/2-1/2

[Event "56. Abierto Mexicano Monterey 2010"]
[Site "Monterrey MEX"]
[Date "2010.04.03"]
[Round "8.2"]
[White "De La Paz Perdomo, Frank"]
[Black "Gonzalez Zamora, Juan Carlos"]
[Result "1/2-1/2"]
[PlyCount "159"]
[EventDate "2010.03.30"]
[EventType "swiss"]
[EventRounds "9"]
[EventCountry "MEX"]
[Source "lmi"]
[SourceDate "2010.03.30"]
[WhiteElo "2469"]
[BlackElo "2552"]

1. e4 c5 2. Nf3 e6 3. d4 cxd4 4. Nxd4 Qb6 5. Nc3 Bc5 6. Be3 Nc6 7. Ndb5 Bxe3 8.
fxe3 a6 9. Nd6+ Ke7 10. Qd2 Nf6 11. O-O-O Qc7 12. Qf2 Qa5 13. Qg3 Ne8 14. Nxe8
Rxe8 15. Qxg7 Qe5 16. Qh6 Rg8 17. Qf4 b5 18. g3 Rg6 19. Bg2 Ra7 20. Rhf1 f6 21.
Kb1 d6 22. Ne2 Rc7 23. Nc1 Rd7 24. Nd3 Qg5 25. Qf2 Ne5 26. Nf4 Rg8 27. b3 Rc7
28. Rd4 Bd7 29. Qd2 Nf7 30. Rd5 Qh6 31. Rd1 Rc6 32. Rh5 Qg7 33. e5 fxe5 34.
Bxc6 Bxc6 35. Ne2 Qg6 36. Rh4 Rc8 37. Nc3 Bf3 38. Rf1 Ng5 39. a4 Ne4 40. Nxe4
Bxe4 41. Rxe4 Qxe4 42. axb5 axb5 43. Qf2 d5 44. g4 Kd6 45. g5 Ra8 46. Qd2 b4
47. Rd1 Rf8 48. Qe2 Rc8 49. Rd2 Ra8 50. Kb2 Ke7 51. Qb5 Qxe3 52. Qxb4+ Ke8 53.
Qb5+ Kf8 54. Qf1+ Ke7 55. Rf2 Kd6 56. Rf3 Qa7 57. Kc1 e4 58. Rf7 Qe3+ 59. Kb1
Qxg5 60. Qe1 Rb8 61. Qc3 Qd8 62. Qg3+ Kc6 63. Qc3+ Kd6 64. Qg3+ Kc6 65. Qe5 Qd6
66. Qc3+ Kb6 67. Qd4+ Qc5 68. Qe5 Rb7 69. Rf6 Rc7 70. Rxe6+ Kb5 71. Qb2 Qg1+
72. Qc1 Qxc1+ 73. Kxc1 Kc5 74. c4 dxc4 75. Rxe4 cxb3 76. Kb2 Kd5 77. Re2 Rb7
78. Re3 Kd4 79. Rxb3 Rxb3+ 80. Kxb3 1/2-1/2

[Event "56. Abierto Mexicano Monterey 2010"]
[Site "Monterrey MEX"]
[Date "2010.04.03"]
[Round "8.3"]
[White "Verduga Zavala, Denis"]
[Black "Gonzalez Garcia, Jose"]
[Result "1/2-1/2"]
[BlackElo "2512"]
[PlyCount "72"]
[EventDate "2010.03.30"]
[EventType "swiss"]
[EventRounds "9"]
[EventCountry "MEX"]
[Source "lmi"]
[SourceDate "2010.03.30"]
[WhiteElo "2338"]

1. Nf3 c5 2. c4 g6 3. Nc3 Bg7 4. g3 Nc6 5. Bg2 e5 6. a3 a5 7. Rb1 d6 8. O-O
Nge7 9. d3 O-O 10. Bg5 f6 11. Be3 Be6 12. Ne1 b6 13. Nd5 Rb8 14. Nc2 b5 15. Qd2
Bf7 16. Bh6 bxc4 17. dxc4 Bxh6 18. Qxh6 Bxd5 19. Bxd5+ Nxd5 20. cxd5 Nd4 21.
Nxd4 exd4 22. b4 axb4 23. axb4 Rxb4 24. Rxb4 cxb4 25. h4 Qb6 26. Qf4 b3 27. h5
b2 28. Qe4 gxh5 29. Rb1 Kg7 30. Kg2 Rf7 31. Qf5 Rc7 32. Qxh5 Rc1 33. Qe8 Qb7
34. Rxb2 Qxb2 35. Qe7+ Kg6 36. Qe8+ Kg7 1/2-1/2

[Event "56. Abierto Mexicano Monterey 2010"]
[Site "Monterrey MEX"]
[Date "2010.04.03"]
[Round "8.4"]
[White "Mitkov, Nikola"]
[Black "Capo Vidal, Uriel"]
[Result "1-0"]
[WhiteElo "2499"]
[PlyCount "63"]
[EventDate "2010.03.30"]
[EventType "swiss"]
[EventRounds "9"]
[EventCountry "MEX"]
[Source "lmi"]
[SourceDate "2010.03.30"]
[BlackElo "2335"]

1. d4 d5 2. Bf4 Nf6 3. e3 c5 4. c3 Nc6 5. Nd2 Bf5 6. Qb3 Qd7 7. Ngf3 a6 8. dxc5
e6 9. Nd4 Bg6 10. Qa3 Be7 11. b4 O-O 12. Be2 b6 13. cxb6 a5 14. Nxc6 Qxc6 15.
b5 Qb7 16. Bd6 Bxd6 17. Qxd6 Rac8 18. O-O Rfd8 19. Qa3 Ra8 20. c4 dxc4 21. Bf3
Qxb6 22. Nxc4 Qxb5 23. Bxa8 Rxa8 24. Rac1 h6 25. Rfd1 Bh5 26. Re1 Bg6 27. h3
Qg5 28. Nd2 Ne4 29. Nf3 Qf6 30. Rc4 Rb8 31. Qxa5 Rb2 32. Qa8+ 1-0

[Event "56. Abierto Mexicano Monterey 2010"]
[Site "Monterrey MEX"]
[Date "2010.04.03"]
[Round "8.5"]
[White "Blanco Fernandez, Alvaro"]
[Black "Perez Rodriguez, Luis Manuel"]
[Result "0-1"]
[PlyCount "53"]
[EventDate "2010.03.30"]
[EventType "swiss"]
[EventRounds "9"]
[EventCountry "MEX"]
[Source "lmi"]
[SourceDate "2010.03.30"]
[WhiteElo "2326"]
[BlackElo "2483"]

1. d4 d5 2. c4 c6 3. Nf3 Nf6 4. Nc3 e6 5. g3 dxc4 6. Bg2 b5 7. O-O Bb7 8. Re1
Nbd7 9. e4 Be7 10. Qc2 O-O 11. Bf4 Qa5 12. a3 c5 13. d5 exd5 14. exd5 Rfe8 15.
Ne5 Nxe5 16. Bxe5 Nd7 17. Qf5 Nxe5 18. Rxe5 Bf8 19. Rae1 Rxe5 20. Qxe5 Rd8 21.
d6 Bxg2 22. Kxg2 Rxd6 23. Qe8 Rd8 24. Qc6 b4 25. Nd5 bxa3 26. Re8 a2 27. Ne7+
0-1

[Event "56. Abierto Mexicano Monterey 2010"]
[Site "Monterrey MEX"]
[Date "2010.04.03"]
[Round "8.6"]
[White "Estrada Nieto, Julian"]
[Black "Ibarra Chami, Luis Fernando"]
[Result "1/2-1/2"]
[PlyCount "83"]
[EventDate "2010.03.30"]
[EventType "swiss"]
[EventRounds "9"]
[EventCountry "MEX"]
[Source "lmi"]
[SourceDate "2010.03.30"]
[WhiteElo "2299"]
[BlackElo "2423"]

1. e4 c5 2. Nf3 Nc6 3. Bb5 d6 4. O-O Bd7 5. c3 Nf6 6. Re1 a6 7. Ba4 b5 8. Bc2
Bg4 9. h3 Bxf3 10. Qxf3 Nd7 11. Qd1 Rc8 12. d3 g6 13. Nd2 Bg7 14. Nf3 Nde5 15.
Nh2 O-O 16. f4 Nd7 17. Nf3 b4 18. Bd2 bxc3 19. Bxc3 e5 20. fxe5 Ndxe5 21. Nxe5
Bxe5 22. Bb3 Qg5 23. Bxe5 Qxe5 24. Qd2 Rb8 25. Rab1 Kg7 26. Rf1 Nd4 27. Bc4 f5
28. Kh1 fxe4 29. dxe4 Qxe4 30. Rfe1 Qh4 31. Bxa6 Rf2 32. Re7+ Qxe7 33. Qxf2 Rf8
34. Qg3 Re8 35. Rf1 d5 36. a4 Qe6 37. Bb5 Re7 38. Qc3 Qe5 39. Rd1 Nxb5 40. axb5
d4 41. Qc4 Qe2 42. b4 1/2-1/2

[Event "56. Abierto Mexicano Monterey 2010"]
[Site "Monterrey MEX"]
[Date "2002.04.04"]
[Round "9.1"]
[White "Onischuk, Alexander"]
[Black "Perez Rodriguez, Luis Manuel"]
[Result "1-0"]
[PlyCount "87"]
[EventDate "2010.03.30"]
[EventType "swiss"]
[EventRounds "9"]
[EventCountry "MEX"]
[Source "lmi"]
[SourceDate "2010.03.30"]
[WhiteElo "2687"]
[BlackElo "2483"]

1. d4 d5 2. c4 c6 3. Nc3 Nf6 4. Nf3 e6 5. e3 Nbd7 6. Qc2 Bd6 7. Bd3 O-O 8. O-O
e5 9. cxd5 cxd5 10. e4 exd4 11. Nxd5 Nxd5 12. exd5 h6 13. Nxd4 Qh4 14. Nf3 Qh5
15. Bh7+ Kh8 16. Qf5 g5 17. Be3 Kg7 18. Bd4+ f6 19. Qe6 Bf4 20. Qe4 Ne5 21.
Bxe5 fxe5 22. Rac1 Rf7 23. Rc3 g4 24. Nh4 Bxh2+ 25. Kxh2 Qxh4+ 26. Kg1 Qg5 27.
Qc2 Bd7 28. Be4 Raf8 29. d6 Bb5 30. Bd5 Bxf1 31. Bxf7 Bxg2 32. Rc7 Rxf7 33.
Rxf7+ Kxf7 34. Qc4+ Ke8 35. Qc8+ Kf7 36. Kxg2 g3 37. Qd7+ Kf8 38. fxg3 Qd2+ 39.
Kh3 Qg5 40. Qc8+ Kf7 41. Qd7+ Kf8 42. Qg4 Ke8 43. Qe6+ Kd8 44. Qf7 1-0